[Event "GRE-ch U16"]
[Site "Patras"]
[Date "2019.06.28"]
[Round "5.15"]
[White "Blitsas, Orestis"]
[Black "Georgiou, Anastasios"]
[Result "1-0"]
[WhiteElo "1571"]
[BlackElo "1237"]
[PlyCount "131"]
[EventDate "2019.06.25"]
[EventType "swiss"]
[EventRounds "9"]
[EventCountry "GRE"]
[SourceTitle "EXT 2020"]
[Source "ChessBase"]
[SourceDate "2019.10.17"]
[SourceVersion "1"]
[SourceVersionDate "2019.10.17"]
[SourceQuality "1"]
[WhiteTeam "Greece"]
[BlackTeam "Greece"]
[WhiteTeamCountry "GRE"]
[BlackTeamCountry "GRE"]

1. c4 Nf6 2. g3 g6 3. Bg2 Bg7 4. Nc3 0-0 5. e3 e6 6. Nge2 d5 7. d4 c6 8. b3 Nbd7 9. 0-0 Nb6 10. Ba3 Re8 11. cxd5 exd5 12. Nf4 Bf5 13. Nd3 Bxd3 14. Qxd3 Qd7 15. Rfc1 Rac8 16. Bc5 Qd8 17. a4 a5 18. Ra2 Nbd7 19. Ba3 Nb8 20. Bh3 Nfd7 21. Rac2 Na6 22. Nxd5 Rb8 23. Nf4 Bf8 24. Bxf8 Nxf8 25. Qd2 Ne6 26. Bxe6 fxe6 27. Nd3 Qd5 28. Rb2 b5 29. Qxa5 Ra8 30. Qb6 Rec8 31. axb5 Qxb5 32. Qxb5 cxb5 33. Ra2 Rxc1+ 34. Nxc1 Nc7 35. Rxa8+ Nxa8 36. Nd3 Nb6 37. e4 Kf7 38. f4 Kf6 39. Nc5 Nc8 40. Kf2 Ne7 41. Nd7+ Kg7 42. Ne5 Kf6 43. Ke3 g5 44. Nd7+ Kg6 45. Nf8+ Kf7 46. Nxh7 gxf4+ 47. Kxf4 Nc6 48. Ke3 Kg6 49. Nf8+ Kf7 50. Nd7 Ke7 51. Ne5 Na5 52. b4 Nb7 53. h4 Nd6 54. g4 Ne8 55. g5 Ng7 56. Nc6+ Kd6 57. Na7 Kc7 58. Nxb5+ Kb6 59. Nc3 Kc6 60. Kf4 Kd6 61. Kg4 Ke7 62. h5 Kf7 63. b5 Ne8 64. g6+ Kf6 65. e5+ Kg7 66. b6 1-0

[Event "GRE-ch U16"]
[Site "Patras"]
[Date "2019.06.26"]
[Round "2.17"]
[White "Georgiou, Anastasios"]
[Black "Koutis, Pavlos"]
[Result "1-0"]
[WhiteElo "1237"]
[BlackElo "1569"]
[PlyCount "126"]
[EventDate "2019.06.25"]
[EventType "swiss"]
[EventRounds "9"]
[EventCountry "GRE"]
[SourceTitle "EXT 2020"]
[Source "ChessBase"]
[SourceDate "2019.10.17"]
[SourceVersion "1"]
[SourceVersionDate "2019.10.17"]
[SourceQuality "1"]
[WhiteTeam "Greece"]
[BlackTeam "Greece"]
[WhiteTeamCountry "GRE"]
[BlackTeamCountry "GRE"]

1. c4 c6 2. Nc3 d5 3. cxd5 cxd5 4. g3 Nf6 5. Bg2 Nc6 6. Nf3 d4 7. Nb5 a6 8. Qa4 d3 9. 0-0 dxe2 10. Re1 Bd7 11. Nc3 e6 12. Rxe2 Bc5 13. Qd1 Bd4 14. Re1 Ba7 15. d4 Qb6 16. Ne2 0-0 17. Rb1 Nd5 18. a3 Rad8 19. Rf1 Nce7 20. Bd2 Bb5 21. Bc3 Nf5 22. Qd2 Qd6 23. Rfd1 Rc8 24. Ra1 Rfd8 25. Ba5 b6 26. Bc3 Bxe2 27. Qxe2 Nxc3 28. bxc3 Rxc3 29. Qxa6 Qc7 30. Qb5 Qc4 31. Qe5 b5 32. d5 Rc2 33. dxe6 Bxf2+ 34. Kh1 Rxd1+ 35. Rxd1 Rc1 36. exf7+ Kxf7 37. Qxf5+ Kg8 38. Qd7 h6 39. Qd2 Rc2 40. Qd5+ Qxd5 41. Rxd5 Rc1+ 42. Bf1 Bxg3 43. hxg3 Rxf1+ 44. Kg2 Ra1 45. Rd3 Kf7 46. Nd4 Rb1 47. Rb3 Ra1 48. Nxb5 Ke7 49. Nd4 g6 50. Rd3 Kf6 51. Kf3 Ke5 52. Nb5 h5 53. Rd6 Rb1 54. Rxg6 Kf5 55. Rb6 Rb3+ 56. Kg2 Kg4 57. Rg6+ Kf5 58. Nd4+ Kxg6 59. Nxb3 Kf6 60. Kf3 Kf5 61. a4 Ke5 62. a5 Kd6 63. Kf4 Kc6 1-0

[Event "GRE-ch U16"]
[Site "Patras"]
[Date "2019.06.26"]
[Round "3.13"]
[White "Trigkas, Athanasios"]
[Black "Georgiou, Anastasios"]
[Result "1-0"]
[WhiteElo "1259"]
[BlackElo "1237"]
[PlyCount "64"]
[EventDate "2019.06.25"]
[EventType "swiss"]
[EventRounds "9"]
[EventCountry "GRE"]
[SourceTitle "EXT 2020"]
[Source "ChessBase"]
[SourceDate "2019.10.17"]
[SourceVersion "1"]
[SourceVersionDate "2019.10.17"]
[SourceQuality "1"]
[WhiteTeam "Greece"]
[BlackTeam "Greece"]
[WhiteTeamCountry "GRE"]
[BlackTeamCountry "GRE"]

1. e4 c5 2. c3 Nc6 3. d4 e6 4. Nf3 Nf6 5. e5 Nd5 6. c4 Nb6 7. d5 exd5 8. cxd5 Ne7 9. d6 Nc6 10. Bb5 f6 11. 0-0 fxe5 12. Bg5 Be7 13. dxe7 Nxe7 14. Bxe7 Qxe7 15. Nxe5 0-0 16. Nc4 Nxc4 17. Bxc4+ Kh8 18. Nc3 d6 19. Re1 Qf6 20. Qd2 Qg6 21. Re3 b6 22. Bd5 Rb8 23. Rae1 Bd7 24. Re7 Bh3 25. Rxa7 Rf6 26. Ree7 Rbf8 27. Rxg7 Qxg7 28. Rxg7 Kxg7 29. gxh3 Rg6+ 30. Kh1 Rf4 31. Qxf4 Rg1+ 32. Kxg1 b5 1-0

[Event "GRE-ch U14"]
[Site "Rio Achaia"]
[Date "2018.07.04"]
[Round "3"]
[White "Georgiou, Anastasios"]
[Black "Sakkas, Konstantinos"]
[Result "0-1"]
[WhiteElo "1209"]
[BlackElo "1619"]
[PlyCount "76"]
[EventDate "2018.07.03"]
[EventType "swiss"]
[EventRounds "9"]
[EventCountry "GRE"]
[SourceTitle "EXT 2019"]
[Source "ChessBase"]
[SourceDate "2018.10.10"]
[SourceVersion "1"]
[SourceVersionDate "2018.10.10"]
[SourceQuality "1"]

1. c4 e5 2. Nc3 Nf6 3. Nf3 Nc6 4. g3 d5 5. cxd5 Nxd5 6. Bg2 Nb6 7. 0-0 Be7 8. d3 0-0 9. Be3 Re8 10. Rc1 Bf8 11. Re1 Nd4 12. Bxd4 exd4 13. Nb5 c5 14. Nd2 Rb8 15. Ne4 a6 16. Na3 Nd7 17. Qb3 b5 18. Nc2 Bb7 19. Na1 Re5 20. Qd1 Qb6 21. Nb3 Bxe4 22. Bxe4 c4 23. Nd2 Bb4 24. Bf3 c3 25. bxc3 dxc3 26. Ne4 c2 27. Qxc2 Bxe1 28. Bg4 Rxe4 29. Rxe1 Rxg4 30. e3 Qc5 31. Qb2 Rc8 32. Rf1 Ne5 33. d4 Nf3+ 34. Kg2 Qc6 35. Kh3 Rg6 36. g4 Ng5+ 37. Kh4 Rh6+ 38. Kxg5 Qf6# 0-1

[Event "GRE-ch U14"]
[Site "Achaia"]
[Date "2017.06.27"]
[Round "2"]
[White "Georgiou, Anastasios"]
[Black "Liakos, Christos Konstanti"]
[Result "0-1"]
[WhiteElo "1136"]
[BlackElo "1386"]
[PlyCount "66"]
[EventDate "2017.06.26"]
[EventType "swiss"]
[EventRounds "9"]
[EventCountry "GRE"]
[SourceTitle "EXT 2018"]
[Source "ChessBase"]
[SourceDate "2017.10.13"]
[SourceVersion "1"]
[SourceVersionDate "2017.10.13"]
[SourceQuality "1"]

1. c4 e5 2. Nc3 Nc6 3. Nf3 Nf6 4. d3 Bc5 5. g3 d6 6. Bg2 0-0 7. 0-0 Bg4 8. a3 a6 9. b4 Ba7 10. Re1 Re8 11. Nd2 Qd7 12. Nde4 Nxe4 13. Bxe4 Rad8 14. Bd2 Rf8 15. Qb1 Nd4 16. Be3 f5 17. Bd5+ Kh8 18. Bxd4 Bxd4 19. Qc2 f4 20. Rf1 Qf5 21. e3 fxg3 22. exd4 gxh2+ 23. Kxh2 Qh5+ 24. Kg1 Bf3 25. Bxf3 Rxf3 26. Ne2 Rdf8 27. Ng3 Qh3 28. Rfe1 R8f6 29. dxe5 Rg6 30. Re4 Rgxg3+ 31. fxg3 Rxg3+ 32. Kf2 Rg2+ 33. Kf1 Qh1# 0-1

[Event "GRE-ch U12"]
[Site "Porto Rio"]
[Date "2016.06.29"]
[Round "3"]
[White "Georgiou, Anastasios"]
[Black "Gavriilidis, Orestis"]
[Result "0-1"]
[WhiteElo "1078"]
[BlackElo "1303"]
[PlyCount "120"]
[EventDate "2016.06.28"]
[EventType "swiss"]
[EventRounds "9"]
[EventCountry "GRE"]
[SourceTitle "CBM 173 Extra"]
[Source "ChessBase"]
[SourceDate "2016.08.29"]
[SourceVersion "1"]
[SourceVersionDate "2016.08.29"]
[SourceQuality "1"]

1. c4 e5 2. Nc3 Nc6 3. Nf3 g6 4. g3 Bg7 5. Bg2 Nge7 6. 0-0 0-0 7. d3 d6 8. Be3 h6 9. Qc1 Kh7 10. Ne1 Nd4 11. Nc2 c6 12. f4 Nef5 13. Bxd4 Nxd4 14. e3 Nxc2 15. Qxc2 f5 16. Qd2 Be6 17. e4 Qc7 18. Rae1 Rae8 19. a3 a5 20. Rc1 Bf6 21. exf5 Bxf5 22. Be4 exf4 23. Bxf5 Bd4+ 24. Kg2 Rxf5 25. Rce1 Rxe1 26. Qxe1 fxg3 27. Rxf5 gxf5 28. hxg3 Be5 29. b4 Bxc3 30. Qxc3 axb4 31. axb4 Qg7 32. Qc1 Qg5 33. Qf1 f4 34. Qxf4 Qxf4 35. gxf4 Kg6 36. Kf3 Kf5 37. d4 d5 38. cxd5 cxd5 39. Kg3 b5 40. Kf3 h5 41. Kg3 h4+ 42. Kxh4 Kxf4 43. Kh3 Ke4 44. Kg2 Kxd4 45. Kf2 Kc4 46. Ke3 d4+ 47. Kd2 Kxb4 48. Kd3 Kc5 49. Kc2 Kc4 50. Kd2 b4 51. Kc2 b3+ 52. Kc1 Kc3 53. Kd1 b2 54. Ke1 b1Q+ 55. Ke2 Qd3+ 56. Kf2 Qe3+ 57. Kg2 d3 58. Kf1 Qe2+ 59. Kg1 d2 60. Kh1 d1R# 0-1

[Event "GRE-ch U12"]
[Site "Rio Achaia"]
[Date "2015.06.29"]
[Round "6.22"]
[White "Georgiou, Anastasios"]
[Black "Lappas, Konstantinos"]
[Result "1/2-1/2"]
[WhiteElo "1006"]
[BlackElo "2015"]
[PlyCount "36"]
[EventDate "2015.06.26"]
[EventType "swiss"]
[EventRounds "9"]
[EventCountry "GRE"]
[SourceTitle "EXT 2024"]
[Source "ChessBase"]
[SourceDate "2023.10.10"]
[SourceVersion "1"]
[SourceVersionDate "2023.10.10"]
[SourceQuality "1"]

1. c4 e5 2. Nc3 Nc6 3. g3 Bc5 4. Bg2 Nf6 5. d3 0-0 6. Nf3 d6 7. 0-0 Bg4 8. Bg5 h6 9. Bxf6 Qxf6 10. Ne4 Qe6 11. Nxc5 dxc5 12. Nd2 Rfe8 13. Ne4 Qe7 14. h3 Bh5 15. Re1 Rad8 16. Qd2 f5 17. Nc3 Qd7 18. Rad1 a6 1/2-1/2

[Event "GRE-ch U12"]
[Site "Rio Achaia"]
[Date "2015.06.28"]
[Round "4.22"]
[White "Georgiou, Anastasios"]
[Black "Tsotras, Ioannis"]
[Result "0-1"]
[WhiteElo "1006"]
[BlackElo "1153"]
[PlyCount "128"]
[EventDate "2015.06.26"]
[EventType "swiss"]
[EventRounds "9"]
[EventCountry "GRE"]
[SourceTitle "EXT 2024"]
[Source "ChessBase"]
[SourceDate "2023.10.10"]
[SourceVersion "1"]
[SourceVersionDate "2023.10.10"]
[SourceQuality "1"]

1. c4 e6 2. Nc3 d5 3. cxd5 exd5 4. d4 Nf6 5. g3 Bb4 6. Bg2 c6 7. a3 Ba5 8. Nf3 0-0 9. 0-0 Bf5 10. b4 Bc7 11. Bg5 Nbd7 12. Nh4 Be6 13. e4 dxe4 14. Nxe4 h6 15. Nxf6+ Nxf6 16. Bxf6 Qxf6 17. Qd2 Rad8 18. Nf3 Bb6 19. Rfd1 Bb3 20. Re1 Bxd4 21. Nxd4 Qxd4 22. Qxd4 Rxd4 23. Re7 Rb8 24. Rc7 Rbd8 25. Rxb7 Rd1+ 26. Rxd1 Rxd1+ 27. Bf1 Bc4 28. Rxa7 Bxf1 29. f4 Bc4+ 30. Kf2 Rd2+ 31. Kg1 Bd5 32. a4 Rg2+ 33. Kf1 Rxh2 34. a5 Ra2 35. a6 Bc4+ 36. Ke1 Rxa6 37. Rc7 Rb6 38. Kd2 Bd5 39. Kc3 Kh7 40. f5 g6 41. f6 g5 42. Rc8 Kg6 43. Rh8 Ra6 44. Kd4 Kxf6 45. Rxh6+ Kf5 46. Rh5 Kg4 47. Rh8 Kxg3 48. b5 Ra4+ 49. Kc5 Ra5 50. Rg8 Rxb5+ 51. Kd4 Rb4+ 52. Kc5 Rg4 53. Re8 Kf2 54. Rh8 Rg2 55. Rb8 g4 56. Kd4 g3 57. Ke5 Kf3 58. Ra8 Re2+ 59. Kf5 g2 60. Rg8 Re1 61. Rh8 g1Q 62. Rh3+ Kf2 63. Kf4 Re4+ 64. Kf5 Qg6# 0-1